National Parks by Country 2 - Statistics

General Stats
  • This quiz has been taken 213 times
  • The average score is 5 of 10
Answer Stats
Hint Answer % Correct
Quttinirpaaq Canada
72%
Khangchendzonga India
63%
Kgalagadi Trans-frontier Botswana and South Africa
60%
Copper Canyon Mexico
57%
Tatrzanski Poland
57%
Tsavo Kenya
55%
Folgefonna Norway
47%
Vikos-Aoos Greece
46%
Sarek Sweden
46%
Gesause Austria
31%
No matching quizzes found
Score Distribution
Percent of People with Each Score
Percentile by Number Answered
Your Score History
You have not taken this quiz